Normal view
MARC view
- Health risk assessment
Entry Topical Term
001 - CONTROL NUMBER
- control field: 44163
003 - CONTROL NUMBER IDENTIFIER
- control field: NUST
005 - DATE AND TIME OF LATEST TRANSACTION
- control field: 20210314132909.0
008 - FIXED-LENGTH DATA ELEMENTS
- fixed length control field: 210314|| aca||aabn | a|a d
040 ## - CATALOGING SOURCE
- Original cataloging agency: NUST
- Transcribing agency: NUST
150 ## - HEADING--TOPICAL TERM
- Topical term or geographic name entry element: Health risk assessment
- Geographic subdivision: United States
- General subdivision: Congresses
670 ## - SOURCE DATA FOUND
- Source citation: Work cat.: (NUST): Chemical and biological characterization of municipal sludges, sediments, dredge spoils, and drilling muds /, c1988.
